La empresa emergente, la confianza y los desafíos de la transformación
Uloženo v:
| Hlavní autor: | |
|---|---|
| Médium: | Kniha |
| Jazyk: | španělština |
| Vydáno: |
Buenos Aires
Granica
2000
|
| Edice: | Managament
|
| Témata: | |
| Tagy: |
Přidat tag
Žádné tagy, Buďte první, kdo vytvoří štítek k tomuto záznamu!
|
MARC
| LEADER | 00000nam a2200000 a 4500 | ||
|---|---|---|---|
| 001 | UCK8656 | ||
| 003 | CL-VaPUC | ||
| 008 | 060324e20000000AG |||||||||||||||||spa|d | ||
| 020 | |a 9506413010 | ||
| 082 | 0 | 4 | |a 301 |b ECH |2 21 |
| 100 | 0 | |a Echeverría, Rafael |e author |9 354 | |
| 245 | 1 | 3 | |a La empresa emergente, la confianza y los desafíos de la transformación |
| 300 | |a 159 p | ||
| 942 | |c BK | ||
| 945 | |d 20060324 00:00:00 |a jtorresc | ||
| 260 | |a Buenos Aires |b Granica |c 2000 | ||
| 650 | 0 | |a Sociología |9 255410 | |
| 650 | 0 | |a Administración de empresas |9 260833 | |
| 650 | 0 | |a Productividad |9 335972 | |
| 650 | 0 | |a Sistemas sociales |9 308361 | |
| 650 | 0 | |a Relaciones humanas |9 307340 | |
| 650 | 0 | |a Sociología |9 255410 | |
| 583 | |a last modification |c 20060324 00:00:00 |k Rodrigo Vera | ||
| 490 | 0 | |a Managament | |
| 999 | |c 316128 |d 316126 | ||
| 952 | |0 0 |1 0 |4 0 |6 301_000000000000000_ECH_2000 |7 0 |8 A |9 390253 |a BIBEDU |b BIBEDU |d 2019-11-22 |i 421434K |o 301 ECH 2000 |p 421434K |r 2019-11-22 |w 2019-11-22 |y BK |k PSI | ||